| 000 | 00622nam a2200217Ia 4500 | ||
|---|---|---|---|
| 008 | |||
| 020 | _a0879012463 (pbk.) | ||
| 049 | _aMAIN | ||
| 090 | 0 | 0 |
_aHM51 _bHOW |
| 100 | 1 | _aHowery, Carla B. | |
| 245 | 1 | 0 |
_aDiscovering sociology : _bstudy guide to accompany Ian Robertson, Sociology / _cCarla B. Howery. |
| 250 | _a3rd ed. | ||
| 260 |
_aNew York : _bWorth Publishers, _c1987. |
||
| 300 |
_aix, 558 p. ; _c24 cm. |
||
| 650 | 0 | _aSociology. | |
| 907 |
_a.b10370894 _b07-03-16 _c02-03-16 |
||
| 003 | |||
| 005 | 20230123122211.0 | ||
| 040 | _cNUST | ||
| 942 |
_cBOOKS _kHM51 _mHOW |
||
| 999 |
_c129554 _d129554 |
||